书目信息 |
| 题名: |
中国帮会史
|
|
| 作者: | 刘联珂 著 | |
| 分册: | ||
| 出版信息: | 北京 团结出版社 2004 |
|
| 页数: | 227页 | |
| 开本: | 23cm | |
| 丛书名: | 民国珍本丛刊 | |
| 单 册: | ||
| 中图分类: | D69 | |
| 科图分类: | ||
| 主题词: | 帮会--历史--中国 | |
| 电子资源: | ||
| ISBN: | 7-80130-827-1 | |
| 000 | 01095nam0 2200337 450 | |
| 000 | 01058nam0 2200325 450 | |
| 000 | 01056nam0 2200337 450 | |
| 000 | 01002nam0 2200313 450 | |
| 000 | 00987nam0 2200301 450 | |
| 000 | 00950nam0 2200289 45 | |
| 001 | TS2006009389 | |
| 005 | 20061208092007.07 | |
| 010 | @a7-80130-827-1@dCNY32.00 | |
| 100 | @a20060829d2004 em y0chiy0110 ea | |
| 101 | 0 | @achi |
| 102 | @aCN@b110000 | |
| 105 | @aa z 000yd | |
| 200 | 1 | @a中国帮会史@Azhong guo bang hui shi@f刘联珂著@FLiu Lian Ke Zhu |
| 210 | @a北京@c团结出版社@d2004 | |
| 215 | @a227页@c图@d23cm | |
| 225 | 2 | @a民国珍本丛刊@e插图珍藏本 |
| 308 | @a丛书第一辑 | |
| 330 | @a本书是关于中国帮会历史的文图本普及读物,梳理其三百年的历史,各个时期的特点与发展,知名的帮会及其事件等。 | |
| 410 | 0 | @12001 @a民国珍本丛刊 |
| 606 | 0 | @a帮会@x历史@y中国 |
| 690 | @aD69@v4 | |
| 701 | 0 | @a刘联珂@Aliu lian ke@4著 |
| 801 | 0 | @aCN@b中图数据@c20061208 |
| 905 | @a10447@dD69@e117 | |
| 中国帮会史/刘联珂著.-北京:团结出版社,2004 |
| 227页:图;23cm.-(民国珍本丛刊:插图珍藏本) |
| ISBN 7-80130-827-1:CNY32.00 |
| 本书是关于中国帮会历史的文图本普及读物,梳理其三百年的历史,各个时期的特点与发展,知名的帮会及其事件等。 |
| ● |
| 相关链接 |
|
|
|
|
正题名:中国帮会史
索取号:D69/117
 
预约/预借
| 序号 | 登录号 | 条形码 | 馆藏地/架位号 | 状态 | 备注 |
| 1 | 0603240 | 206032407 | 第一样本阅览室/ [索取号:D69/117] | 在馆 | |
| 2 | 0603241 | 206032416 | 第一借阅区/ [索取号:D69/117] |
已借出,限还日期为2026.03.16 借出人:吴佳琳 |